| 000 | 00464nam a2200157 a 4500 | ||
|---|---|---|---|
| 005 | 20140414093845.0 | ||
| 008 | 091105s19uu xx 00 eng d | ||
| 050 |
_aCD 811.008 _bPOE 2005 |
||
| 100 | _aPaschen, Elise | ||
| 245 |
_aPoetry : _bspeaks to children / _cElise Paschen. |
||
| 260 |
_aIllinois : _bSourcebooks Media Fusion, _cc2005. |
||
| 650 | _aChildren's poetry, American. | ||
| 650 | _aChildren's poetry, English. | ||
| 942 | _cAVM | ||
| 999 |
_c109538 _d109538 |
||